De la prostitution dans la ville d'Alger depuis la conquête / (Record no. 53129)

MARC details
000 -LEADER
campo de control de longitud fija 00655nam a22001935i 4500
001 - NÚMERO DE CONTROL
campo de control 53129
003 - IDENTIFICADOR DE NÚMERO DE CONTROL
campo de control ES-MaACL
005 - FECHA Y HORA DE LA ÚLTIMA TRANSACCIÓN
campo de control 20260201063013.0
007 - CAMPO FIJO DE DESCRIPCIÓN FÍSICA--INFORMACIÓN GENERAL
campo de control de longitud fija t|
008 - DATOS DE LONGITUD FIJA--INFORMACIÓN GENERAL
campo de control de longitud fija 950907s1853 fr ||||1| fre d
040 ## - FUENTE DE CATALOGACIÓN
Centro catalogador/agencia de origen CAM
Lengua de catalogación spa
Centro/agencia transcriptor CAM
100 1# - ENTRADA PRINCIPAL--NOMBRE DE PERSONA
Nombre de persona Duchesne, Édouard-Adolphe,
Fechas asociadas al nombre 1804-1869
9 (RLIN) 45825
245 10 - MENCIÓN DEL TÍTULO
Título De la prostitution dans la ville d'Alger depuis la conquête /
Mención de responsabilidad, etc. par E. A. Duchesne.
260 ## - PUBLICACIÓN, DISTRIBUCIÓN, ETC.
Lugar de publicación, distribución, etc. Paris :
Nombre del editor, distribuidor, etc. J.B. Baillière :
-- Garnier frères,
Fecha de publicación, distribución, etc. 1853 (
Fabricante typographie de Mme. Ve. Dondey-Dupré)
300 ## - DESCRIPCIÓN FÍSICA
Extensión 231 p. ;
Dimensiones 23 cm.
650 #4 - PUNTO DE ACCESO ADICIONAL DE MATERIA--TÉRMINO DE MATERIA
Término de materia o nombre geográfico como elemento de entrada Prostitución-
Subdivisión geográfica Argel.
9 (RLIN) 152662
852 ## - LOCALIZACIÓN
Ubicación ES-MaACL
Número de control de estantería T-693-F-4
Holdings
Estatus retirado Estado de pérdida Estado de daño No para préstamo Colección Biblioteca de origen Biblioteca actual Ubicación en estantería Fecha de adquisición Fuente de adquisición Total de préstamos Signatura topográfica completa Código de barras Visto por última vez Precio de reemplazo Tipo de ítem Koha
        Colección de folletos Biblioteca del Ateneo de Madrid Biblioteca del Ateneo de Madrid Depósito folletos 17/01/2008     T-693-F-4 1055826 23/02/2023 23/02/2023 Folleto